000 00446nam a2200181Ia 4500
001 11163
005 20260306161926.0
008 260306t1970||||xx |||||||||||||| ||spa||
041 _aESP
082 _a985.01
_bI59
100 _aInstituto de Estudios Peruanos
_eAUT
245 0 _a100 años de arqueología en el Perú
260 _c1970
300 _a608 páginas :
_c24 cm.
650 _aGEN
654 _aCHU
942 _cLIB
_dJUS
_fJUS
_2ddc
_n
999 _c11163
_d11163